|
|
|
|
| LEADER |
01399nam a2200421 a 4500 |
| 001 |
000958780 |
| 003 |
CZ BrMZK |
| 005 |
20090805145114.0 |
| 007 |
ta |
| 008 |
090730s1985 xr f 000 0 cze |
| 015 |
|
|
|a cnb000016390
|
| 020 |
|
|
|q (Brož.)
|
| 035 |
|
|
|a (OCoLC)24380336
|
| 040 |
|
|
|a BOA001
|b cze
|
| 043 |
|
|
|a e-xr---
|
| 045 |
|
|
|a x0x7
|
| 072 |
|
7 |
|a 71
|x Územní plánování. Urbanismus. Památková péče
|2 Konspekt
|9 21
|
| 080 |
|
|
|a 711.4.025.3/.4
|2 MRF
|
| 080 |
|
|
|a 719
|2 MRF
|
| 080 |
|
|
|a (437.3)
|2 MRF
|
| 080 |
|
|
|a (048.8)
|2 MRF
|
| 100 |
1 |
|
|a Hlobil, Ivo,
|d 1942-2021
|7 jk01041313
|4 aut
|
| 245 |
1 |
0 |
|a Teorie městských památkových rezervací :
|b (1900-1975) /
|c Ivo Hlobil
|
| 260 |
|
|
|a Praha :
|b Ústav teorie a dějin umění ČSAV v Praze,
|c 1985
|
| 300 |
|
|
|a 123 s. ;
|c 24 cm
|
| 490 |
1 |
|
|a Uměnovědné studie ;
|v 4
|
| 490 |
1 |
|
|a Uměnovědné studie
|
| 500 |
|
|
|a 400 výt.
|
| 504 |
|
|
|a Obsahuje bibliografii a bibliografické odkazy
|
| 648 |
|
4 |
|a 1900-1975
|
| 650 |
0 |
7 |
|a městské památkové rezervace
|7 ph123105
|z Česko
|y 1900-1975
|2 czenas
|
| 650 |
0 |
7 |
|a památková péče
|7 ph123918
|z Česko
|2 czenas
|
| 655 |
|
7 |
|a studie
|7 fd133597
|2 czenas
|
| 830 |
|
0 |
|a Uměnovědné studie
|0 s
|
| 910 |
2 |
|
|a BOA001
|b 2-1226.599
|
| 990 |
|
|
|a BK
|
| 991 |
|
|
|b 200908
|
| 996 |
6 |
|
|b 2610384205
|c 2-1226.599
|l MZK
|r Sklad / do 1 hodiny
|n 12
|p dar
|w 001091286
|u 000010
|a 1
|e BOA001
|j MZK50
|s P
|